Rusko-slovenská konverzácia pre ekonómov

Bibliographic Details
Main Authors: Sopira, Andrej, 1917-1998 (Author), Bobaľová, Emília, 1931- (Author), Zemanová, Jaroslava (Author)
Format: Book
Language:Slovak
Russian
PhysicalDescription:200 strán 21 cm
Published: Bratislava Slovenské pedagogické nakladateľstvo 1976
Edition:4. vyd.
Subjects:

MARC

LEADER 00000cam a2200000 a 4500
001 vtls001532728
003 SK-MaSNL
005 20260302073939.0
008 240226s1976 xo grf 000 0 slo
015 |a SNBA1976 
020 |q (viazané) 
035 |a urn:nbn:sk:snk-am00idmh 
035 |a 96916913-E9E6-4AF8-8121-18AE15D84287 
040 |a SNK  |b slo  |c SNK  |e AACR2 
041 0 |a slo  |a rus 
044 |a xo  |c SK 
072 7 |a 811.161.1  |x Ruština  |2 konspekt 
072 7 |a 811.162.4  |x Slovenčina  |2 konspekt 
072 7 |a 33  |x Ekonómia  |2 konspekt 
080 |a 811.161.1  |2 2011 
080 |a 811.162.4  |2 2011 
080 |a 33  |2 2011 
080 |a 81'24  |2 2011 
080 |a (035)  |2 2011 
100 1 |a Sopira, Andrej,  |d 1917-1998  |4 aut  |9 37352 
245 1 0 |a Rusko-slovenská konverzácia pre ekonómov  |c Andrej Sopira, Emília Bobaľová, Jaroslava Zemanová 
250 |a 4. vyd. 
260 |a Bratislava  |b Slovenské pedagogické nakladateľstvo  |c 1976 
300 |a 200 strán  |c 21 cm 
546 |a Súbežný text v ruštine 
650 0 7 |a ruština  |2 SNKPH  |9 1346 
650 0 7 |a slovenčina  |2 SNKPH  |9 1350 
650 0 7 |a konverzácia  |2 SNKPH  |9 49849 
650 0 7 |a ekonómia  |2 SNKPH  |9 788 
655 7 |a príručky  |2 SNKPH  |9 74364 
700 1 |a Bobaľová, Emília,  |d 1931-  |4 aut  |9 42439 
700 1 |a Zemanová, Jaroslava  |4 aut  |9 569370 
852 |a Slovenská národná knižnica 
954 |a odborná, vedecká literatúra pôvodná (slovenská)  |2 lita 
958 |a RK 
958 |a TL 
958 |a OND 
958 |a EUIPO 
999 |c 1162997  |d 1164927 
952 |a SNK  |b SNK  |y VYP  |7 0  |p 17A0553437  |o snkSC 37561 D1  |i snkKSP 7336/75  |3 rekatalogizácia  |0 0  |1 0  |4 0  |d 2007-06-19  |l 0  |r 2026-02-24 20:39:22  |w 2026-02-24 
952 |a SNK  |b SNK  |y PREZ  |7 0  |p 17A0958314  |o snkSC 37561  |i snkKSP 7335/75  |0 0  |1 0  |4 0  |d 2012-11-20  |f 1  |l 0  |r 2025-10-10 00:00:00  |w 2026-02-24